000 00441nam a2200181Ia 4500
001 14863
005 20260306164945.0
008 260306t1993||||xx |||||||||||||| ||spa||
041 _aESP
082 _a519.5
_bF41M
100 _aFernández de la Reguera Bastidas, Pedro
_eAUT
245 0 _aMétodos estadísticos
260 _c1993
300 _a164 páginas :
_c25 cm.
650 _aGEN
654 _aCMA
942 _cLIB
_dJUS
_fJUS
_2ddc
_n
999 _c14863
_d14863